Statistics for Pokémon with Hisuian Forms

Click here to take the quiz!

General Stats

  • This quiz has been taken 175 times
    (159 since last reset)
  • The average score is 12 of 16

Answer Stats

TypePokémon% Correct
Fire/RockArcanine
94%
Fire/RockGrowlithe
92%
Electric/GrassElectrode
89%
Electric/GrassVoltorb
89%
Normal/GhostZorua
77%
Fire/GhostTyphlosion
74%
Grass/FightingDecidueye
72%
Water/DarkSamurott
70%
Normal/GhostZoroark
69%
Psychic/FlyingBraviary
67%
Grass/FightingLilligant
66%
Fighting/PoisonSneasel
66%
Dark/PosionQwilfish
63%
Ice/RockAvalugg
62%
Steel/DragonGoodra
61%
Steel/DragonSliggoo
56%

Score Distribution

Percentile by Number Answered

Percent of People with Each Score

Your Score History

You have not taken this quiz since the last reset